| 000 | 00492nam a2200193Ia 4500 | ||
|---|---|---|---|
| 008 | 170918s9999 xx 000 0 und d | ||
| 020 | _a9789810704735 | ||
| 050 | _bG866pu [2012] | ||
| 100 | _aGrindley, Sally | ||
| 245 | _aPuff flies / | ||
| 245 | _cby Sally Grindley ; illustrated by Ann Johns. | ||
| 260 | _aNew York : | ||
| 260 | _bScholastic, | ||
| 260 | _c[2012] | ||
| 300 | _a24 pages : | ||
| 300 | _billustrations ; | ||
| 300 | _c20cm. | ||
| 300 | _eI love reading phonics. | ||
| 999 |
_c344079 _d344079 |
||